000 00710nam a2200229Ii 4500
003 JO-AjNU
008 230605s9999||||xx |||||||||||||| ||und||
017 _a2010/6/2027
020 _a978-9957-525-68-2
040 _aJO-AjNU
_bara
_erda
_cJO-AjNU
041 _aara
050 1 4 _aTE147.A2882 2014
100 3 _aعودة، احمد حسين ,
_eauthor
_951417
245 0 0 _aهندسة الطرق
250 _aط1
264 3 1 _aعمان:مكتبة المجتمع العربي،2014
300 _a226ص
336 _atext
_btxt
_2rdacontent
337 _aunmediated
_bn
_2rdamedia
338 _avolume
_bnc
_2rdacarrier
650 4 _aهندسة الطرق-الطرق الرئيسية -الطرق
_951418
999 _aA22709
_c26277
_d26277